[Event "Chambly op U1800"]
[Site "Chambly CAN"]
[Date "2022.04.03"]
[Round "4.17"]
[White "Chaurette, Benoit"]
[Black "Kelly, Patrick"]
[Result "1-0"]
[WhiteElo "1548"]
[BlackElo "1589"]
[PlyCount "102"]
[EventDate "2022.04.01"]
[EventType "swiss"]
[EventRounds "5"]
[EventCountry "CAN"]

1. e4 c6 2. d4 d5 3. Nc3 dxe4 4. Nxe4 Nf6 5. Nxf6+ exf6 6. Nf3 Bd6 7. Bd3 Qe7+
8. Be3 Bf4 9. O-O Qd6 10. Qd2 Bxe3 11. Qxe3+ Be6 12. Nh4 O-O 13. c3 Na6 14. Qe4
g6 15. Qf3 f5 16. Qe3 Rfe8 17. Qg5 Qe7 18. Qg3 Qc7 19. Bxa6 Qxg3 20. hxg3 bxa6
21. Nf3 f6 22. Rfe1 Bc4 23. Nd2 Bf7 24. Nb3 Rxe1+ 25. Rxe1 Re8 26. Rxe8+ Bxe8
27. Nc5 a5 28. a4 Kf7 29. Nb7 Ke6 30. c4 Ke7 31. Kf1 h5 32. Ke2 g5 33. Nxa5 c5
34. dxc5 Bxa4 35. b4 a6 36. Ke3 Kd7 37. Kd4 Kc7 38. Kd5 Bd7 39. c6 Bc8 40. Kc5
f4 41. gxf4 h4 42. fxg5 fxg5 43. f3 g4 44. fxg4 Bxg4 45. b5 axb5 46. cxb5 Bf3
47. b6+ Kc8 48. gxf3 h3 49. Kd6 h2 50. b7+ Kb8 51. c7+ Ka7 1-0

[Event "Chambly op U1800"]
[Site "Chambly CAN"]
[Date "2022.04.03"]
[Round "4.18"]
[White "Laporte, Michel"]
[Black "Frenette, Laurent"]
[Result "1-0"]
[WhiteElo "1525"]
[BlackElo "1486"]
[PlyCount "121"]
[EventDate "2022.04.01"]
[EventType "swiss"]
[EventRounds "5"]
[EventCountry "CAN"]

1. d4 Nf6 2. Nf3 g6 3. c4 Bg7 4. Nc3 d5 5. h3 O-O 6. Bf4 a6 7. cxd5 Nxd5 8.
Nxd5 Qxd5 9. Bxc7 Nc6 10. e3 b5 11. Qd2 Bf5 12. Be2 Be4 13. O-O Rac8 14. Bb6 f5
15. Rfc1 Ne5 16. Nxe5 Bxg2 17. Nd3 Bxh3 18. Nf4 Qb7 19. Nxh3 Qxb6 20. Rxc8 Rxc8
21. Rc1 Rf8 22. Qb4 e5 23. Ng5 Qf6 24. Qb3+ Kh8 25. Ne6 Re8 26. Nxg7 Re7 27.
Rc8+ Kxg7 28. dxe5 Rxe5 29. Qg8+ Kh6 30. Qf8+ Qxf8 31. Rxf8 Kg7 32. Ra8 Re6 33.
Rb8 f4 34. Bg4 fxe3 35. fxe3 Rxe3 36. Kf2 Re4 37. Kf3 Rd4 38. Rb6 Rd2 39. Rxa6
Rxb2 40. Be6 b4 41. Rb6 h6 42. Bb3 h5 43. Rxb4 g5 44. a4 h4 45. Kg4 Rg2+ 46.
Kh3 Rg3+ 47. Kh2 Rd3 48. a5 Rd2+ 49. Kh1 Re2 50. a6 Re1+ 51. Kg2 Re2+ 52. Kf3
Re8 53. a7 Ra8 54. Ra4 h3 55. Kg3 g4 56. Rxg4+ Kf6 57. Ra4 Ke5 58. Bd1 Rg8+ 59.
Kxh3 Rh8+ 60. Kg3 Rg8+ 61. Kf2 1-0

[Event "Chambly op U1800"]
[Site "Chambly CAN"]
[Date "2022.04.03"]
[Round "4.19"]
[White "Fiset, Anais Chloe"]
[Black "Cassista, Jeremie"]
[Result "0-1"]
[WhiteElo "1787"]
[BlackElo "1704"]
[PlyCount "84"]
[EventDate "2022.04.01"]
[EventType "swiss"]
[EventRounds "5"]
[EventCountry "CAN"]

1. e4 e5 2. Nf3 Nc6 3. Bc4 Nf6 4. d3 d6 5. O-O Na5 6. Bb5+ c6 7. Ba4 b5 8. Bb3
Nxb3 9. axb3 Qc7 10. h3 Be7 11. d4 Nxe4 12. Re1 f5 13. dxe5 dxe5 14. Nbd2 Nxd2
15. Bxd2 e4 16. Ba5 Qf4 17. g3 Qh6 18. h4 O-O 19. Ne5 Bc5 20. b4 Be7 21. Re3 g5
22. hxg5 Bxg5 23. Rc3 Bd2 24. Rxc6 Qg5 25. c3 Bb7 26. Qb3+ Kh8 27. Rc7 e3 28.
Nf7+ Rxf7 29. Qxf7 exf2+ 30. Kf1 Qh6 31. Qxf5 Qh1+ 32. Ke2 Qe1+ 33. Rxe1
fxe1=Q+ 34. Kd3 Qe3+ 35. Kc2 Be4+ 36. Qxe4 Qxe4+ 37. Kxd2 Qg2+ 38. Kd1 Rd8+ 39.
Kc1 Qd2+ 40. Kb1 Qd1+ 41. Ka2 Qa4+ 42. Kb1 Rd1# 0-1

[Event "Chambly op U1800"]
[Site "Chambly CAN"]
[Date "2022.04.03"]
[Round "4.20"]
[White "Perron, Pier-Luc"]
[Black "Camire, Pierre"]
[Result "1-0"]
[WhiteElo "1656"]
[BlackElo "1497"]
[PlyCount "73"]
[EventDate "2022.04.01"]
[EventType "swiss"]
[EventRounds "5"]
[EventCountry "CAN"]

1. e4 e6 2. d4 d5 3. Nd2 dxe4 4. Nxe4 Nd7 5. Bd3 Ngf6 6. Nxf6+ Nxf6 7. Nf3 Be7
8. O-O O-O 9. Re1 c5 10. c3 cxd4 11. Nxd4 Bc5 12. Be3 Bd6 13. Bg5 Be7 14. Qf3
a6 15. Rad1 Qa5 16. Bxf6 Bxf6 17. Bb1 Rb8 18. Qe4 g6 19. Qf4 e5 20. Qxf6 exd4
21. Rxd4 Be6 22. a3 Qb5 23. Rb4 Qc6 24. h4 a5 25. Rd4 Bd7 26. Qg5 Kg7 27. h5 h6
28. Qg3 g5 29. Qd3 Be6 30. Qh7+ Kf6 31. Qxh6+ Ke7 32. Qxg5+ Ke8 33. Bf5 Rh8 34.
Bxe6 fxe6 35. Qg6+ Ke7 36. Qg7+ Ke8 37. Qxh8+ 1-0

[Event "Chambly op U1800"]
[Site "Chambly CAN"]
[Date "2022.04.03"]
[Round "4.22"]
[White "Poirier, Vincent"]
[Black "Allaire, Denis"]
[Result "1-0"]
[WhiteElo "1635"]
[BlackElo "1626"]
[PlyCount "67"]
[EventDate "2022.04.01"]
[EventType "swiss"]
[EventRounds "5"]
[EventCountry "CAN"]

1. e4 e5 2. f4 exf4 3. Nf3 Ne7 4. d4 d5 5. e5 Ng6 6. c4 Be7 7. Qd2 Bg4 8. Nc3
Bxf3 9. gxf3 Bh4+ 10. Kd1 dxc4 11. Bxc4 O-O 12. Qd3 Nc6 13. Ne2 Na5 14. Bxf4
Nxc4 15. Qxc4 Nxf4 16. Nxf4 Re8 17. Kc2 c5 18. e6 Qf6 19. exf7+ Qxf7 20. Qxf7+
Kxf7 21. dxc5 Rac8 22. b4 b6 23. Nd3 bxc5 24. bxc5 Re2+ 25. Kb3 Rd8 26. Rad1
Rb8+ 27. Kc4 Rxa2 28. Kd5 Rd8+ 29. Kc6 Ra6+ 30. Kb7 Re6 31. c6 Ke7 32. Nc5 Re2
33. Rxd8 Rb2+ 34. Kc8 1-0

[Event "Chambly op U1800"]
[Site "Chambly CAN"]
[Date "2022.04.03"]
[Round "4.23"]
[White "Lareau, Abel"]
[Black "Dumoulin, Sylvain"]
[Result "0-1"]
[WhiteElo "1456"]
[BlackElo "1769"]
[PlyCount "88"]
[EventDate "2022.04.01"]
[EventType "swiss"]
[EventRounds "5"]
[EventCountry "CAN"]

1. e4 e6 2. d4 d5 3. e5 c5 4. c3 Nc6 5. Nf3 Bd7 6. Qb3 c4 7. Qxb7 Rb8 8. Qa6
Rb6 9. Qa4 Nxd4 10. Qd1 Nc6 11. Be2 Qb8 12. Qc2 Nxe5 13. O-O Nf6 14. Nxe5 Qxe5
15. Re1 Qb8 16. a4 Bd6 17. g3 h5 18. Bg5 Rxb2 19. Qd1 Ne4 20. Qc1 f6 21. Bf4
Bxf4 22. Qxf4 Qxf4 23. gxf4 Nc5 24. f5 e5 25. Bf3 e4 26. Bd1 Bxf5 27. f3 Nd3
28. Re3 O-O 29. fxe4 Bxe4 30. Re2 Rfb8 31. Nd2 f5 32. Nxe4 dxe4 33. Rxb2 Rxb2
34. Bxh5 Re2 35. Ra3 f4 36. Bg6 f3 37. Ra1 Rg2+ 38. Kf1 Rxh2 39. Kg1 Rg2+ 40.
Kf1 e3 41. Bxd3 cxd3 42. Re1 d2 43. Re2 d1=Q+ 44. Re1 e2# 0-1

[Event "Chambly op U1800"]
[Site "Chambly CAN"]
[Date "2022.04.03"]
[Round "4.24"]
[White "Gerard, Patrice"]
[Black "Lelievre, Aldo"]
[Result "1/2-1/2"]
[WhiteElo "1733"]
[BlackElo "1509"]
[PlyCount "61"]
[EventDate "2022.04.01"]
[EventType "swiss"]
[EventRounds "5"]
[EventCountry "CAN"]

1. e4 c5 2. Nc3 e6 3. f4 d6 4. Bc4 g6 5. Nf3 Bg7 6. O-O Ne7 7. Qe1 Nbc6 8. d3
Nd4 9. Bb3 Nxf3+ 10. Rxf3 O-O 11. Qh4 Nc6 12. Qf2 Nd4 13. Rg3 Nxb3 14. axb3 f5
15. Be3 b6 16. Nb5 Bxb2 17. Ra2 Bf6 18. b4 Bh4 19. bxc5 Bxg3 20. hxg3 dxc5 21.
e5 Qd5 22. Ra3 Qc6 23. Rxa7 Rxa7 24. Nxa7 Qd7 25. Nxc8 Rxc8 26. Qd2 b5 27. Qa5
Qc6 28. Qa7 Rc7 29. Qb8+ Rc8 30. Qa7 Rc7 31. Qb8+ 1/2-1/2

[Event "Chambly op U1800"]
[Site "Chambly CAN"]
[Date "2022.04.03"]
[Round "4.25"]
[White "Beauregard, Gabriel"]
[Black "Bedard, Michel"]
[Result "0-1"]
[WhiteElo "1415"]
[BlackElo "1681"]
[PlyCount "87"]
[EventDate "2022.04.01"]
[EventType "swiss"]
[EventRounds "5"]
[EventCountry "CAN"]

1. d4 d5 2. Bf4 Nf6 3. e3 c5 4. c3 cxd4 5. cxd4 Nc6 6. Nc3 a6 7. Nf3 Bg4 8. h3
Bh5 9. Be2 e6 10. O-O Bd6 11. Ne5 Bxe2 12. Qxe2 Qc7 13. Nd3 Bxf4 14. Nxf4 O-O
15. Rac1 Qd6 16. Rfd1 Rac8 17. Qf3 Rc7 18. e4 dxe4 19. Nxe4 Nxe4 20. Qxe4 Rfc8
21. Rd3 Nb4 22. Rxc7 Rxc7 23. Rg3 Nxa2 24. d5 e5 25. Nd3 f6 26. Qa4 Nc1 27.
Qe8+ Qf8 28. Qe6+ Qf7 29. Nxc1 Rxc1+ 30. Kh2 Qxe6 31. dxe6 Rc6 32. e7 Re6 33.
Re3 Kf7 34. f4 e4 35. g4 g6 36. Kg3 f5 37. Kh4 Kf6 38. Kg3 Rxe7 39. h4 Rd7 40.
g5+ Ke6 41. Kf2 Rd2+ 42. Re2 Rxe2+ 43. Kxe2 Kd5 44. Ke3 0-1

[Event "Chambly op U1800"]
[Site "Chambly CAN"]
[Date "2022.04.03"]
[Round "4.26"]
[White "Dubreuil, Raymond"]
[Black "Frangakis, Evan"]
[Result "0-1"]
[WhiteElo "1524"]
[BlackElo "1573"]
[PlyCount "96"]
[EventDate "2022.04.01"]
[EventType "swiss"]
[EventRounds "5"]
[EventCountry "CAN"]

1. Nf3 d5 2. g3 Nf6 3. d3 Bg4 4. Bg2 c6 5. O-O Bxf3 6. Bxf3 e5 7. b3 Bd6 8. Bb2
O-O 9. Nd2 Re8 10. c4 Nbd7 11. Qc2 Rc8 12. Rac1 Qe7 13. e4 d4 14. Bg2 Ba3 15.
Bh3 Rc7 16. Bxa3 Qxa3 17. c5 b5 18. Nb1 Qa6 19. b4 Qb7 20. Nd2 Nf8 21. Nf3 Qb8
22. Qd2 Ng6 23. a3 a5 24. Bf5 Ra7 25. Ng5 h6 26. Nf3 Qc7 27. Bxg6 fxg6 28. Qa2+
Kh7 29. Qd2 Rea8 30. Nh4 axb4 31. axb4 Ra2 32. Rc2 Qf7 33. Nf3 Nd7 34. Ne1 Qb3
35. h4 R8a4 36. Kg2 Nb8 37. f3 Na6 38. Rf2 Nxb4 39. Rxa2 Rxa2 40. Qc1 Rxf2+ 41.
Kxf2 Nxd3+ 42. Nxd3 Qxd3 43. Qe1 Qc2+ 44. Kg1 Qxc5 45. h5 gxh5 46. Qa5 d3+ 47.
Kg2 Qc2+ 48. Kh3 d2 0-1

[Event "Chambly op U1800"]
[Site "Chambly CAN"]
[Date "2022.04.03"]
[Round "4.28"]
[White "Duval, Mathieu"]
[Black "St-Germain, Jack"]
[Result "1/2-1/2"]
[WhiteElo "1469"]
[BlackElo "1500"]
[PlyCount "80"]
[EventDate "2022.04.01"]
[EventType "swiss"]
[EventRounds "5"]
[EventCountry "CAN"]

1. d4 Nf6 2. c4 g6 3. Nc3 Bg7 4. e4 d6 5. f4 O-O 6. Nf3 c5 7. d5 e6 8. Be2 exd5
9. cxd5 Re8 10. Qc2 Qe7 11. Bd3 Nxe4 12. Nxe4 f5 13. O-O fxe4 14. Re1 Bf5 15.
Ng5 Bd4+ 16. Kh1 exd3 17. Rxe7 Rxe7 18. Qd1 Bf2 19. Bd2 Re2 20. Nf3 Be4 21. Qb3
b6 22. Qb5 Bxf3 23. Qxd3 Bh5 24. h3 Nd7 25. g4 Rae8 26. gxh5 Nf6 27. hxg6 Ne4
28. gxh7+ Kxh7 29. Bc3 Kg8 30. Rg1+ Bxg1 31. Kxg1 Rf2 32. Be5 dxe5 33. Qxe4
Rxf4 34. Qg6+ Kf8 35. Qh6+ Ke7 36. Qe6+ Kd8 37. Qd6+ Kc8 38. Qc6+ Kd8 39. Qd6+
Kc8 40. Qc6+ Kd8 1/2-1/2

[Event "Chambly op U1800"]
[Site "Chambly CAN"]
[Date "2022.04.03"]
[Round "4.29"]
[White "Breton, Jules"]
[Black "Meunier, Felix"]
[Result "1-0"]
[WhiteElo "1431"]
[BlackElo "1483"]
[PlyCount "149"]
[EventDate "2022.04.01"]
[EventType "swiss"]
[EventRounds "5"]
[EventCountry "CAN"]

1. d4 Nf6 2. c4 e6 3. Nf3 d5 4. Qb3 b6 5. Bg5 Be7 6. Nc3 dxc4 7. Qxc4 Ba6 8.
Qb3 O-O 9. g3 h6 10. Bxf6 Bxf6 11. e3 Bxf1 12. Kxf1 Nd7 13. Rd1 c6 14. Kg2 Qc7
15. Ne4 Be7 16. Rc1 Qb7 17. Nfd2 c5 18. f3 cxd4 19. exd4 Rfd8 20. Rc3 Nf6 21.
Rd3 Rd7 22. Rd1 Rad8 23. Nxf6+ Bxf6 24. Ne4 Bxd4 25. Qc4 Bxb2 26. Qb3 Rxd3 27.
Rxd3 Rxd3 28. Qxd3 Qd5 29. Qa6 Qd7 30. Qe2 Ba3 31. g4 f5 32. gxf5 exf5 33. Ng3
f4 34. Qc4+ Qf7 35. Qc8+ Kh7 36. Ne4 Qxa2+ 37. Kh3 Qf7 38. Qc2 Qd7+ 39. Kg2 Kg8
40. Qb3+ Kh8 41. Qxa3 a5 42. Qf8+ Kh7 43. Qxf4 a4 44. Qe3 Qa7 45. Nc3 Qa8 46.
Qxb6 a3 47. Qb1+ Kh8 48. Qa2 Qa5 49. Nb1 Qg5+ 50. Kf2 Qh4+ 51. Ke3 Qe1+ 52. Kd3
Qf1+ 53. Ke3 Qc1+ 54. Nd2 Qb2 55. Qxb2 axb2 56. Kd3 g5 57. Kc2 Kg7 58. Kxb2 Kf6
59. Kc3 Ke5 60. Kd3 Kf4 61. Ke2 h5 62. Kf2 g4 63. Kg2 h4 64. fxg4 Kxg4 65. Nf3
h3+ 66. Kf2 Kf4 67. Nd2 Kg4 68. Ke3 Kg5 69. Kf3 Kh4 70. Kf4 Kh5 71. Nf3 Kg6 72.
Kg4 Kf6 73. Kxh3 Kf5 74. Kg3 Kg6 75. Kg4 1-0

[Event "Chambly op U1800"]
[Site "Chambly CAN"]
[Date "2022.04.03"]
[Round "4.30"]
[White "Crete, Mathys"]
[Black "Jodoin, Gabriel"]
[Result "1/2-1/2"]
[WhiteElo "1318"]
[BlackElo "1410"]
[PlyCount "86"]
[EventDate "2022.04.01"]
[EventType "swiss"]
[EventRounds "5"]
[EventCountry "CAN"]

1. d4 Nf6 2. Nc3 e6 3. e4 d5 4. Bg5 Be7 5. e5 Nfd7 6. Bxe7 Qxe7 7. Bd3 c5 8.
Nb5 c4 9. Nd6+ Kd8 10. Be2 f6 11. f4 Na6 12. Nf3 Nc7 13. O-O Ne8 14. Nxe8 Qxe8
15. a4 Nb6 16. a5 Na4 17. Qd2 Nxb2 18. Qb4 c3 19. Bb5 Bd7 20. Bxd7 Qxd7 21.
Qxc3 Nc4 22. Nd2 Rc8 23. Nxc4 Rxc4 24. Qb2 Qc6 25. Rfc1 Kd7 26. Rab1 Rb8 27. c3
b6 28. Qd2 f5 29. Kf2 Rc8 30. axb6 axb6 31. Rb3 b5 32. Qb2 b4 33. Rxb4 Rxc3 34.
Rxc3 Qxc3 35. Rb7+ Ke8 36. Qxc3 Rxc3 37. Rxg7 Kf8 38. Rxh7 Rc2+ 39. Ke3 Rxg2
40. Rh6 Kf7 41. Rh7+ Kf8 42. Rh6 Kf7 43. Rh7+ Kf8 1/2-1/2

[Event "Chambly op U1800"]
[Site "Chambly CAN"]
[Date "2022.04.03"]
[Round "4.31"]
[White "Frechette, Gabriel"]
[Black "Hebert, Pierre"]
[Result "1-0"]
[WhiteElo "1534"]
[BlackElo "1508"]
[PlyCount "39"]
[EventDate "2022.04.01"]
[EventType "swiss"]
[EventRounds "5"]
[EventCountry "CAN"]

1. d4 d5 2. c4 Nf6 3. g3 dxc4 4. Bg2 e6 5. Nf3 c5 6. O-O cxd4 7. Nxd4 Bc5 8. e3
Bxd4 9. exd4 O-O 10. Bf4 Nc6 11. Be5 Nxe5 12. dxe5 Nd5 13. Nd2 b5 14. Ne4 Rb8
15. Nd6 f6 16. Bxd5 exd5 17. Qxd5+ Kh8 18. Nf7+ Rxf7 19. Qxf7 Rb7 20. Rad1 1-0

[Event "Chambly op U1800"]
[Site "Chambly CAN"]
[Date "2022.04.03"]
[Round "5.17"]
[White "Laporte, Michel"]
[Black "Chaurette, Benoit"]
[Result "0-1"]
[WhiteElo "1525"]
[BlackElo "1548"]
[PlyCount "72"]
[EventDate "2022.04.01"]
[EventType "swiss"]
[EventRounds "5"]
[EventCountry "CAN"]

1. d4 Nf6 2. Nf3 d5 3. e3 c5 4. b3 Nc6 5. Bb2 Bf5 6. Bd3 Bg6 7. O-O e6 8. Ba3
Nd7 9. Bb2 Be7 10. dxc5 Bf6 11. Bxf6 Qxf6 12. Nbd2 Nxc5 13. Bb5 O-O 14. Bxc6
bxc6 15. Nd4 Rac8 16. a4 e5 17. Ne2 Ne6 18. Ng3 Rfd8 19. e4 Qf4 20. Ne2 Qh6 21.
f4 dxe4 22. f5 Rxd2 23. Qe1 Qe3+ 24. Qf2 Rxe2 25. Qxe3 Rxe3 26. fxe6 fxe6 27.
Rad1 Re2 28. Rd7 Rxc2 29. Rxa7 e3 30. Re1 e2 31. a5 Bd3 32. Rd7 e4 33. a6 Rf8
34. Rxd3 exd3 35. Ra1 Rf1+ 36. Rxf1 exf1=Q+ 0-1

[Event "Chambly op U1800"]
[Site "Chambly CAN"]
[Date "2022.04.03"]
[Round "5.18"]
[White "Cassista, Jeremie"]
[Black "Poirier, Vincent"]
[Result "1-0"]
[WhiteElo "1704"]
[BlackElo "1635"]
[PlyCount "51"]
[EventDate "2022.04.01"]
[EventType "swiss"]
[EventRounds "5"]
[EventCountry "CAN"]

1. e4 e6 2. d4 d5 3. Nc3 Nf6 4. Bg5 dxe4 5. Bxf6 gxf6 6. Nxe4 f5 7. Ng3 a6 8.
Nf3 b5 9. Bd3 Bb7 10. Qe2 Nd7 11. Nxf5 c5 12. dxc5 Nxc5 13. O-O-O Qa5 14. Ng5
O-O-O 15. Nxf7 Rxd3 16. Rxd3 Nxd3+ 17. Qxd3 exf5 18. Qxf5+ Kb8 19. Nxh8 Bg7 20.
Qf4+ Ka7 21. Qe3+ Ka8 22. Rd1 Qc7 23. Qe8+ Ka7 24. Nf7 Qf4+ 25. Qe3+ Qxe3+ 26.
fxe3 1-0

[Event "Chambly op U1800"]
[Site "Chambly CAN"]
[Date "2022.04.03"]
[Round "5.19"]
[White "Gil, Bernardo"]
[Black "Perron, Pier-Luc"]
[Result "0-1"]
[WhiteElo "1645"]
[BlackElo "1656"]
[PlyCount "114"]
[EventDate "2022.04.01"]
[EventType "swiss"]
[EventRounds "5"]
[EventCountry "CAN"]

1. e4 c6 2. d4 d5 3. exd5 cxd5 4. Nf3 Nc6 5. c3 Nf6 6. Bf4 e6 7. Nbd2 Be7 8.
Bd3 O-O 9. Qc2 Bd7 10. O-O Rc8 11. a3 Re8 12. Rac1 a6 13. b4 b5 14. Qb2 Nh5 15.
Bg3 Nxg3 16. fxg3 Qb6 17. Kh1 Bf6 18. Rce1 Qc7 19. g4 g6 20. g5 Bg7 21. Nb1 e5
22. dxe5 Nxe5 23. Nxe5 Bxe5 24. Qf2 Be6 25. g3 Bh3 26. Rg1 Be6 27. Qe3 Bxc3 28.
Rc1 d4 29. Qf3 Bd7 30. Nxc3 dxc3 31. Rge1 Rxe1+ 32. Rxe1 Bc6 33. Be4 Re8 34.
Kg1 Rxe4 35. Qxc3 Rxe1+ 36. Qxe1 Qd7 37. Qe5 Qd1+ 38. Kf2 Qf3+ 39. Ke1 Qe4+ 40.
Qxe4 Bxe4 41. h4 Kg7 42. Kd2 f6 43. Ke3 Bf5 44. Kf4 h6 45. g4 hxg5+ 46. hxg5
fxg5+ 47. Kxg5 Bd3 48. Kf4 Kf6 49. g5+ Ke6 50. Kg4 Kd5 51. Kf4 Kc4 52. Ke3 Bf5
53. Ke2 Kb3 54. Kd2 Be6 55. Kd3 Bc4+ 56. Kd4 Kxa3 57. Kc3 Be6 0-1

[Event "Chambly op U1800"]
[Site "Chambly CAN"]
[Date "2022.04.03"]
[Round "5.20"]
[White "Kelly, Patrick"]
[Black "Fiset, Anais Chloe"]
[Result "1/2-1/2"]
[WhiteElo "1589"]
[BlackElo "1787"]
[PlyCount "64"]
[EventDate "2022.04.01"]
[EventType "swiss"]
[EventRounds "5"]
[EventCountry "CAN"]

1. e4 d5 2. exd5 Qxd5 3. Nc3 Qa5 4. d4 Nf6 5. Nf3 Bf5 6. Bd2 c6 7. Ne4 Qc7 8.
Nxf6+ exf6 9. Be2 Bd6 10. c4 O-O 11. O-O Nd7 12. g3 Rfe8 13. Nh4 Bh3 14. Re1 f5
15. Ng2 Re4 16. Bf4 Bxg2 17. Bxd6 Qxd6 18. Kxg2 Rxd4 19. Qb3 Nc5 20. Qf3 g6 21.
Rad1 Rxd1 22. Rxd1 Qe5 23. b4 Re8 24. Bd3 Ne6 25. Qe2 Qf6 26. Qe3 b6 27. Bb1
Rd8 28. Rxd8+ Qxd8 29. Bc2 Qa8 30. Kg1 c5 31. a3 Nd4 32. Bd1 Qd8 1/2-1/2

[Event "Chambly op U1800"]
[Site "Chambly CAN"]
[Date "2022.04.03"]
[Round "5.21"]
[White "Frangakis, Evan"]
[Black "Bedard, Michel"]
[Result "1/2-1/2"]
[WhiteElo "1573"]
[BlackElo "1681"]
[PlyCount "122"]
[EventDate "2022.04.01"]
[EventType "swiss"]
[EventRounds "5"]
[EventCountry "CAN"]

1. d4 d5 2. Nf3 Nf6 3. c4 c6 4. e3 Bg4 5. Nc3 e6 6. Bd2 Nbd7 7. cxd5 cxd5 8.
Rc1 a6 9. Bd3 b5 10. Qb3 Rc8 11. O-O Bd6 12. a3 Bxf3 13. gxf3 Nh5 14. f4 Nb6
15. Ne2 Nc4 16. Bb4 Qe7 17. Rc2 Bxb4 18. Qxb4 Qxb4 19. axb4 O-O 20. Ra1 Rc6 21.
b3 Rfc8 22. bxc4 bxc4 23. Rac1 Rb6 24. Rb2 Rcb8 25. Bc2 Rxb4 26. Rxb4 Rxb4 27.
Rb1 a5 28. Kf1 g6 29. Ke1 Nf6 30. f3 Kf8 31. Kd2 Ke7 32. Kc3 Rxb1 33. Bxb1 Kd6
34. Bc2 Nd7 35. Kb2 Kc7 36. Nc3 Kb6 37. Ba4 Nb8 38. Be8 Kc7 39. Bxf7 Kd7 40.
Bg8 h6 41. h4 Ke7 42. Na4 Na6 43. Nc5 Nc7 44. e4 Kf6 45. Ka3 Nb5+ 46. Ka4 Nc3+
47. Kxa5 Ne2 48. e5+ Ke7 49. Bxe6 Nxf4 50. Bd7 Ne2 51. Kb4 Nxd4 52. f4 Nf3 53.
Bc6 Nxh4 54. Bxd5 g5 55. fxg5 hxg5 56. Be4 g4 57. Kxc4 g3 58. Kd5 g2 59. Bxg2
Nxg2 60. Nd3 Ne3+ 61. Ke4 Nc4 1/2-1/2

[Event "Chambly op U1800"]
[Site "Chambly CAN"]
[Date "2022.04.03"]
[Round "5.22"]
[White "Dumoulin, Sylvain"]
[Black "Gerard, Patrice"]
[Result "1-0"]
[WhiteElo "1769"]
[BlackElo "1733"]
[PlyCount "73"]
[EventDate "2022.04.01"]
[EventType "swiss"]
[EventRounds "5"]
[EventCountry "CAN"]

1. Nc3 c5 2. e4 Nc6 3. g3 g6 4. Bg2 Bg7 5. d3 d6 6. Be3 Nf6 7. h3 Bd7 8. f4 e5
9. Nf3 Nh5 10. Ne2 Bh6 11. Qd2 Nd4 12. Nfxd4 cxd4 13. Bf2 Qf6 14. O-O Qe7 15.
c3 dxc3 16. bxc3 O-O 17. Be3 f6 18. f5 Bxe3+ 19. Qxe3 g5 20. Kf2 b5 21. Bf3 Ng7
22. h4 h6 23. Rh1 Kf7 24. hxg5 fxg5 25. g4 Rh8 26. Rh2 Ne8 27. Rah1 Kg7 28. c4
b4 29. Qd2 a5 30. Rb1 Qd8 31. a3 Rb8 32. axb4 Qb6+ 33. Kg3 axb4 34. Rbh1 Nf6
35. Rxh6 Rxh6 36. Qxg5+ Kf7 37. Rxh6 1-0

[Event "Chambly op U1800"]
[Site "Chambly CAN"]
[Date "2022.04.03"]
[Round "5.24"]
[White "Lelievre, Aldo"]
[Black "Breton, Jules"]
[Result "0-1"]
[WhiteElo "1509"]
[BlackElo "1431"]
[PlyCount "95"]
[EventDate "2022.04.01"]
[EventType "swiss"]
[EventRounds "5"]
[EventCountry "CAN"]

1. e4 c5 2. c3 e6 3. Nf3 d5 4. exd5 exd5 5. d4 c4 6. Be2 Be7 7. O-O Nf6 8. Nbd2
O-O 9. Ne5 Re8 10. f4 Qc7 11. Qc2 Nc6 12. Ndf3 b5 13. Be3 Bf8 14. Bf2 Ne4 15.
Be1 f6 16. Nxc6 Qxc6 17. Nd2 Bf5 18. Nxe4 Bxe4 19. Qd2 f5 20. Bf3 Qf6 21. a3
Re6 22. Bg3 Rae8 23. Rae1 g6 24. Bxe4 Rxe4 25. Rxe4 Rxe4 26. Re1 Qe6 27. Bh4 h6
28. Bf2 Be7 29. Kf1 h5 30. h4 a5 31. g3 Qb6 32. Rxe4 fxe4 33. Be3 Qe6 34. Qg2
Qg4 35. Qf2 b4 36. axb4 axb4 37. Kg2 bxc3 38. bxc3 Bxh4 39. Kh2 Be7 40. Qa2 Kf7
41. Qd2 h4 42. gxh4 Qxh4+ 43. Kg1 Qg3+ 44. Kf1 Qf3+ 45. Bf2 Bd6 46. Qb2 Qxf4
47. Qb7+ Kf6 48. Ke1 {...} 0-1

[Event "Chambly op U1800"]
[Site "Chambly CAN"]
[Date "2022.04.03"]
[Round "5.25"]
[White "Page, Denis"]
[Black "Beauregard, Gabriel"]
[Result "0-1"]
[WhiteElo "1692"]
[BlackElo "1415"]
[PlyCount "82"]
[EventDate "2022.04.01"]
[EventType "swiss"]
[EventRounds "5"]
[EventCountry "CAN"]

1. e4 c6 2. d4 d5 3. e5 c5 4. c3 Bf5 5. dxc5 e6 6. b4 Nc6 7. Bb5 Nge7 8. Bg5
Qc7 9. Bxe7 Qxe5+ 10. Qe2 Qxe2+ 11. Nxe2 Bxe7 12. Nd4 Rc8 13. Nxf5 exf5 14. O-O
O-O 15. f4 Bf6 16. Rd1 Nxb4 17. a3 Na6 18. c6 Nc7 19. cxb7 Rb8 20. Bc6 Rfd8 21.
Ra2 Rd6 22. Ba4 Rxb7 23. c4 Ne6 24. Re2 g6 25. g3 d4 26. Red2 Nc5 27. Bc2 d3
28. Bxd3 Rxd3 29. Rxd3 Nxd3 30. Nd2 Rc7 31. Nb3 Nc5 32. Nxc5 Rxc5 33. Rd7 Rxc4
34. Kg2 Ra4 35. Rd3 Be7 36. Re3 Bxa3 37. Kh3 Bc5 38. Re5 Bf8 39. Kh4 a5 40. Rb5
Ra2 41. h3 Be7# 0-1

[Event "Chambly op U1800"]
[Site "Chambly CAN"]
[Date "2022.04.03"]
[Round "5.27"]
[White "St-Germain, Jack"]
[Black "Lareau, Abel"]
[Result "1-0"]
[WhiteElo "1500"]
[BlackElo "1456"]
[PlyCount "55"]
[EventDate "2022.04.01"]
[EventType "swiss"]
[EventRounds "5"]
[EventCountry "CAN"]

1. e4 e5 2. Nf3 Nc6 3. Bc4 h6 4. O-O Nf6 5. Re1 Bc5 6. c3 O-O 7. d4 exd4 8.
cxd4 Bb6 9. Nc3 d6 10. h3 Be6 11. d5 Bxd5 12. exd5 Ne7 13. Bf4 c6 14. dxc6 d5
15. cxb7 dxc4 16. bxa8=Q Qxa8 17. Rxe7 Re8 18. Rxe8+ Qxe8 19. Qa4 Qe6 20. Re1
Qc8 21. Nd5 Kh7 22. Nxf6+ gxf6 23. Re8 Qf5 24. Qxc4 Kg7 25. Bxh6+ Kxh6 26. Qh4+
Kg7 27. Qh8+ Kg6 28. Rg8# 1-0

[Event "Chambly op U1800"]
[Site "Chambly CAN"]
[Date "2022.04.03"]
[Round "5.28"]
[White "Jodoin, Gabriel"]
[Black "Duval, Mathieu"]
[Result "0-1"]
[WhiteElo "1410"]
[BlackElo "1469"]
[PlyCount "80"]
[EventDate "2022.04.01"]
[EventType "swiss"]
[EventRounds "5"]
[EventCountry "CAN"]

1. e4 c5 2. Nf3 Nc6 3. d4 cxd4 4. Nxd4 d6 5. Nc3 g6 6. Bb5 Bd7 7. Nxc6 bxc6 8.
Bc4 Bg7 9. Qf3 Nf6 10. h3 O-O 11. O-O Rb8 12. Bb3 Qc7 13. Ne2 c5 14. c3 Bc6 15.
Ng3 Rfd8 16. Bg5 a5 17. Bxf6 Bxf6 18. Rab1 a4 19. Bd5 Rb6 20. b4 axb3 21. axb3
Rdb8 22. e5 Bxd5 23. Qxd5 Bxe5 24. f4 Bxc3 25. h4 Qb7 26. Qc4 Bd4+ 27. Kh1 Rxb3
28. Rxb3 Qxb3 29. Qxb3 Rxb3 30. Ne2 Re3 31. Nxd4 cxd4 32. Rd1 d3 33. Kg1 Re4
34. g3 Rd4 35. Kf2 e5 36. Ke3 f5 37. fxe5 dxe5 38. Rxd3 Rxd3+ 39. Kxd3 Kf7 40.
Kc4 Ke6 0-1

[Event "Chambly op U1800"]
[Site "Chambly CAN"]
[Date "2022.04.03"]
[Round "5.29"]
[White "Meunier, Felix"]
[Black "Dubreuil, Raymond"]
[Result "0-1"]
[WhiteElo "1483"]
[BlackElo "1524"]
[PlyCount "122"]
[EventDate "2022.04.01"]
[EventType "swiss"]
[EventRounds "5"]
[EventCountry "CAN"]

1. e4 c5 2. Nf3 d6 3. c3 Nc6 4. Be2 Nf6 5. d4 Nxe4 6. d5 Ne5 7. Qa4+ Bd7 8.
Qxe4 Nxf3+ 9. Qxf3 a6 10. a4 h5 11. h4 Bg4 12. Qe3 Qc8 13. Bxg4 Qxg4 14. Qg5
Qe4+ 15. Be3 f6 16. Nd2 Qd3 17. Qf4 Qxd5 18. Qe4 Qxe4 19. Nxe4 O-O-O 20. Nd2 b6
21. b4 Kc7 22. O-O g6 23. a5 b5 24. c4 Bh6 25. cxb5 axb5 26. Rfe1 e5 27. bxc5
dxc5 28. Ne4 Bxe3 29. Rxe3 Kc6 30. Nxf6 Rhf8 31. Ne4 b4 32. Nxc5 Kxc5 33. Rxe5+
Rd5 34. Re6 b3 35. Rb6 Rd3 36. Rc1+ Kd5 37. Kf1 Rd2 38. f3 Rc2 39. Rd1+ Kc4 40.
Rb1 Rc3 41. a6 Ra8 42. Rxg6 Kb5 43. Rg5+ Kc4 44. Rg6 Ra7 45. Ke2 Rc2+ 46. Kd1
Rd7+ 47. Ke1 Re7+ 48. Kf1 b2 49. Rc6+ Kb3 50. Rxc2 Kxc2 51. Rxb2+ Kxb2 52. Kf2
Ra7 53. Ke3 Rxa6 54. g4 Ra4 55. f4 hxg4 56. f5 g3 57. Kf3 Rxh4 58. Kxg3 Rc4 59.
f6 Kc3 60. Kf3 Kd3 61. Kg3 Ke3 0-1